Nabývací cena podílu na obchodní společnosti a družstva

Účtovanie akcií akciových spoločností a družstiev podľa zákona č.563/1991 Sb. o účtovníctve (ČR). Účtovanie pri predaji akcií, ktoré boli vydané bývalým členom spoločností prevedených na akciové spoločnosti. Príklady, z ktorých vyplýva rozdiel pri predaji akcií, ktorých cena bola stanovená podľa opa...

Descrizione completa

Salvato in:
Dettagli Bibliografici
Autore principale: Mikulec, F.
Natura: Capitolo di libro
Lingua:slovacco
Soggetti:
Tags: Aggiungi Tag
Nessun Tag, puoi essere il primo ad aggiungerne!!

MARC

LEADER 00000naa a2200000 4500
001 r020740
005 20230913080511.1
041 0 |a slo 
044 |a SK 
245 1 0 |a Nabývací cena podílu na obchodní společnosti a družstva  |c F. Mikulec 
520 |a Účtovanie akcií akciových spoločností a družstiev podľa zákona č.563/1991 Sb. o účtovníctve (ČR). Účtovanie pri predaji akcií, ktoré boli vydané bývalým členom spoločností prevedených na akciové spoločnosti. Príklady, z ktorých vyplýva rozdiel pri predaji akcií, ktorých cena bola stanovená podľa opatrení transformácií družstiev a obchodného zákonníka, kde je obstarávacia cena ovplyvnená zvýšením vkladu pri zvyšovaní základného imania obchodnej spoločnosti z majetku prevyšujúceho toto imanie. 
610 2 0 |a akcie 
610 2 0 |a papiere cenné 
610 2 0 |a účtovanie 
610 2 0 |a zákony 
610 2 0 |a Česko 
610 2 0 |a účtovníctvo 
610 2 0 |a 1991 
610 2 0 |a spoločnosti obchodné 
610 2 0 |a družstvá 
100 1 |a Mikulec, F.